[Event "Krakow U20"]
[Site "Krakow"]
[Date "2008.03.01"]
[Round "2"]
[White "Sadzikowski, Marian"]
[Black "Hauschild, Mateusz"]
[Result "1-0"]
[WhiteElo "1863"]
[BlackElo "1876"]
[PlyCount "43"]
[EventDate "2008.03.01"]
[EventType "swiss"]
[EventRounds "5"]
[EventCountry "POL"]
[SourceTitle "EXT 2010"]
[Source "ChessBase"]
[SourceDate "2010.11.25"]
[SourceVersion "1"]
[SourceVersionDate "2010.11.25"]
[SourceQuality "1"]

1. e4 e5 2. f4 Nc6 3. Nf3 Bc5 4. fxe5 Nxe5 5. d4 Nxf3+ 6. gxf3 Qh4+ 7. Ke2 Bb6 8. c4 d6 9. b4 a5 10. c5 dxc5 11. bxc5 Ba7 12. Qa4+ Bd7 13. Qxa5 Nf6 14. Qxc7 Bb5+ 15. Kd1 Ba4+ 16. Ke2 Bb8 17. Qc8+ Ke7 18. Qxb7+ Bd7 19. c6 Ra7 20. Ba3+ Rxa3 21. Nxa3 Bd6 22. Nc4 1-0

[Event "Krakow op"]
[Site "Krakow"]
[Date "2006.04.30"]
[Round "2"]
[White "Szromba, Krzysztof"]
[Black "Hauschild, Mateusz"]
[Result "1-0"]
[WhiteElo "2222"]
[BlackElo "1800"]
[PlyCount "59"]
[EventDate "2006.04.27"]
[EventType "swiss"]
[EventRounds "9"]
[EventCountry "POL"]
[SourceTitle "CBM 112 Extra"]
[Source "ChessBase"]
[SourceDate "2006.07.14"]
[SourceVersion "1"]
[SourceVersionDate "2006.07.14"]
[SourceQuality "1"]

1. d4 Nf6 2. c4 g6 3. Nc3 Bg7 4. e4 d6 5. Nf3 0-0 6. Be2 c5 7. 0-0 Nc6 8. d5 Na5 9. h3 e5 10. Bg5 a6 11. a3 b6 12. b4 Nb7 13. Qd2 Bd7 14. Nh2 cxb4 15. axb4 a5 16. Rab1 Qc7 17. Rfc1 Rfb8 18. Ng4 Nxg4 19. hxg4 f5 20. gxf5 gxf5 21. Nb5 Qc8 22. exf5 Bxf5 23. Rb3 Qd7 24. Be3 Qd8 25. Bg5 Qd7 26. Rg3 Kh8 27. Qe3 Nd8 28. Bd3 Nf7 29. Bh4 Bh6 30. Bf6+ 1-0